Statistiques concernant Culture Générale - Série 1944

Cliquez ici pour prendre le quiz!

Statistiques générales

  • Ce quiz a été pris 61 fois
  • Le résultat moyen est 3 sur 10

Statistiques - réponses

QuestionRéponse% Correct
Quelle est la capitale du Lesotho ?Maseru
64%
Dans la mythologie grecque, quel est ce roi légendaire de Crète, fils de Zeus et d'Europe ?Minos
50%
Quel mot anglais désigne une voiture hippomobile à deux roues et un seul siège, utilisée pour les courses hippiques de trot ?sulky
48%
Comment appelle-t-on également le cubitus (os) ?ulna
33%
Quelle constellation porte le nom d'un chasseur géant de la mythologie grecque réputé pour sa beauté et sa violence ?Orion
28%
Comment appelait-on autrefois une jeune apprentie de la couture ?cousette
17%
Complétez le titre du poème de Louis Aragon : "La rose et le ....réséda
16%
Grande gondole légère de l'Adriatiquepéotte
3%
Comment s'appelle l'oiseau originaire d'Amérique du Sud, d'Amérique centrale et du Mexique - représenté sur la photographie ?tinamou
2%
Dépasser (un bateau) sur une voie fluvialetrémater
2%

Distribution des résultats

Percentile par nombre de réponses

% des personnes avec chaque résultat

Votre développement - résultats

Vous n’avez pas pris ce quiz